| 000 | 00878cam a22002291i 4500 | ||
|---|---|---|---|
| 003 | SA-RiAUC | ||
| 005 | 20251105112119.0 | ||
| 008 | 251104q19001999||| g i000 0 ara c | ||
| 040 |
_aSA-JeALM _bara _cSA-RiAUC _erda |
||
| 082 | 0 | 4 | _a253.26 |
| 090 |
_a253.26 _bب ع ل |
||
| 100 | 1 |
_aالبعلي، عبد الحميد محمود، _d1942- _eمؤلف. |
|
| 245 | 1 | 0 |
_aفقه المرابحة / _cعبد الحميد محمود البعلي. |
| 264 | 1 |
_aالقاهرة : _bالاتحاد الدولي للبنوك الإسلامية، _c[بين 1900 و1999] |
|
| 300 |
_a79 صفحة _c18 سم . |
||
| 336 |
_aنص _btxt _2rdacontent _3كتاب |
||
| 337 |
_aبدون وسيط _bn _2rdamedia |
||
| 650 | 7 |
_aالمرابحة (فقه إسلامي) _2aucsh |
|
| 650 | 7 |
_aالبيع (فقه إسلامي) _2aucsh |
|
| 942 |
_2ddc _cBOOK _n0 |
||
| 949 |
_aSA-JeALM _d251104 _uosman123 _n1 |
||
| 999 |
_c12999 _d12999 |
||